Huellas dactilares (Record no. 36907)

MARC details
000 -LEADER
campo de control de longitud fija 00734nam a2200193 i 4500
001 - NÚMERO DE CONTROL
campo de control 36907
003 - IDENTIFICADOR DE NÚMERO DE CONTROL
campo de control ES-MaACL
007 - CAMPO FIJO DE DESCRIPCIÓN FÍSICA--INFORMACIÓN GENERAL
campo de control de longitud fija t|
008 - DATOS DE LONGITUD FIJA--INFORMACIÓN GENERAL
campo de control de longitud fija 030219s1955 sp ||||1| spa d
100 1# - ENTRADA PRINCIPAL--NOMBRE DE PERSONA
Nombre de persona Browne, Douglas G.
9 (RLIN) 32025
245 10 - MENCIÓN DEL TÍTULO
Título Huellas dactilares
Resto del título : cincuenta años de investigación criminal científica /
Mención de responsabilidad, etc. Douglas G. Browne y Alan Brock ; con una introducción de Frederick R. Cherill ; [traducción del inglés por Montserrat Guasch].
250 ## - MENCION DE EDICION
Mención de edición 1ª ed.
260 ## - PUBLICACIÓN, DISTRIBUCIÓN, ETC.
Lugar de publicación, distribución, etc. Barcelona :
Nombre del editor, distribuidor, etc. Argos,
Fecha de publicación, distribución, etc. [1955] (
Fabricante Agustín Núñez)
300 ## - DESCRIPCIÓN FÍSICA
Extensión 250 p., 6 lám. ;
Dimensiones 23 cm.
700 1# - ENTRADA AGREGADA--NOMBRE PERSONAL
Nombre de persona Brock, Alan.
9 (RLIN) 31836
700 1# - ENTRADA AGREGADA--NOMBRE PERSONAL
Nombre de persona Cherrill, Frederick R.
9 (RLIN) 38373
700 1# - ENTRADA AGREGADA--NOMBRE PERSONAL
Nombre de persona Guasch, Montserrat.
9 (RLIN) 60357
852 ## - LOCALIZACIÓN
Ubicación ES-MaACL
Número de control de estantería C-9221
Sublocalización o colección R.37104
Holdings
Estatus retirado Estado de pérdida Estado de daño No para préstamo Biblioteca de origen Biblioteca actual Ubicación en estantería Fecha de adquisición Fuente de adquisición Total de préstamos Signatura topográfica completa Código de barras Visto por última vez Precio de reemplazo Tipo de ítem Koha
        Biblioteca del Ateneo de Madrid Biblioteca del Ateneo de Madrid Sala Palomar 17/01/2008     C-9221 1038813 23/02/2023 23/02/2023 Libro impreso